Statistics for Most-Visited Countries by Emmanuel Macron

Click here to take the quiz!

General Stats

  • This quiz has been taken 37 times
  • The average score is 13 of 17

Answer Stats

#Country% Correct
23Germany
97%
8United Kingdom
97%
39Belgium
94%
8Italy
94%
4Spain
94%
6United States
94%
3China
91%
3Japan
88%
3Portugal
88%
4Russia
85%
3Switzerland
85%
4Netherlands
82%
3Vatican City
53%
3Romania
44%
3United Arab Emirates
35%
4Qatar
26%
3Tunisia
21%

Score Distribution

Percentile by Number Answered

Percent of People with Each Score

Your Score History

You have not taken this quiz